| 000 | 00900nam a22002891 4500 | ||
|---|---|---|---|
| 001 | 28173 | ||
| 003 | BD-RjUL | ||
| 005 | 20211209051239.0 | ||
| 008 | 140329s1959 nyu 000 0 eng | ||
| 035 | _a(BD-RjUL)28254 | ||
| 035 | _a(OCoLC)1099839 | ||
| 040 |
_aDLC _cTxU-Da _dOCoLC _dDLC _dBD-RjUL _beng |
||
| 041 | _aeng | ||
| 082 | 0 | 0 |
_a329 _bBOC 1959 |
| 100 | 1 |
_aBowles, Chester, _d1901-1986. _984286 |
|
| 245 | 1 | 4 |
_aThe coming political breakthrough / _cChester Bowles. |
| 250 | _a1st ed. | ||
| 260 |
_aNew York : _bHarper, _c1959. |
||
| 300 |
_axi, 209 p. ; _c22 cm. |
||
| 650 | 0 |
_aPolitical parties _zUnited States. _96269 |
|
| 651 | 0 |
_aUnited States _xPolitics and government _y20th century. _99003 |
|
| 651 | 0 |
_aUnited States _xEconomic policy. _986308 |
|
| 651 | 0 |
_aUnited States _xForeign relations _y20th century. _96485 |
|
| 942 |
_2ddc _cBK |
||
| 999 |
_c28173 _d28173 |
||